Get on track for high street remix (Record no. 83785)

MARC details
000 -LEADER
fixed length control field 01117cab a22001935a 4500
001 - CONTROL NUMBER
control field L155026
008 - FIXED-LENGTH DATA ELEMENTS--GENERAL INFORMATION
fixed length control field 120220e20120217xxk 000 0 eng d
035 ## - SYSTEM CONTROL NUMBER
System control number (Sirsi) u155026
041 0# - LANGUAGE CODE
Language code of text/sound track or separate title eng
100 1# - MAIN ENTRY--PERSONAL NAME
Personal name Hopkinson, Matthew
245 00 - TITLE STATEMENT
Title Get on track for high street remix
260 ## - PUBLICATION, DISTRIBUTION, ETC.
Place of publication, distribution, etc. c2012
490 #0 - SERIES STATEMENT
Series statement Property Week
Volume/sequential designation 78(07) 17 February 2012, 41-42(2)
520 ## - SUMMARY, ETC.
Summary, etc. The latest Local Data Company (LDC) survey of the retail sector confirms that average vacancy rates at 14.3% are higher than ever before. The changing high street occupancy is of concern to many: pound shops, charity shops, bookies, nail bars, and fast-food outlets have all enjoyed double-digit growth during the past few years. Comparison data on shop vacnacy rates from LDC's European partner Locatus is included for the first time. Town centres in the UK need to be shrunk and mixed-use space must be created. Tables cover 10 best and worst large, medium and small centres; national vacancy rates; net change in comparison goods.
590 ## - LOCAL NOTE (RLIN)
Local note KA
651 #4 - SUBJECT ADDED ENTRY--GEOGRAPHIC NAME
Geographic name United Kingdom
Chronological subdivision
690 ## - LOCAL SUBJECT ADDED ENTRY--TOPICAL TERM (OCLC, RLIN)
Topical term or geographic name as entry element Commercial property
9 (RLIN) 6227
942 ## - ADDED ENTRY ELEMENTS (KOHA)
Suppress in OPAC 0
Holdings
Withdrawn status Lost status Source of classification or shelving scheme Damaged status Not for loan Home library Current library Shelving location Date acquired Total Checkouts Full call number Barcode Date last seen Copy number Price effective from Koha item type
    Dewey Decimal Classification     London London Journal article 20/02/2012   L155026 155026-1001 06/08/2019 1 06/08/2019 Journal article